| Tag |
First Indicator |
Second Indicator |
Subfields |
| LEADER |
00000cam a2200000 a 4500 |
| 001 |
in00005659030 |
| 006 |
m o d |
| 007 |
cr ||||||||||| |
| 008 |
100319s2010 flu ob 001 0 eng d |
| 005 |
20250812150155.6 |
| 010 |
|
|
|a 2010006687
|
| 035 |
|
|
|a (OCoLC)ocn688587754
|
| 040 |
|
|
|a SFB
|b eng
|e pn
|c SFB
|d UBF
|d OCLCQ
|d OCLCF
|d OCLCO
|d IDEBK
|d CRCPR
|d OCLCQ
|d PIFBY
|d VGM
|d OTZ
|d OCLCQ
|d UAB
|d KIJ
|d D6H
|d ERL
|d OCLCQ
|d CEF
|d WYU
|d S9I
|d LEAUB
|d DCT
|d VT2
|d SFB
|d OCLCO
|d OCLCQ
|d QGK
|d OCLCO
|d OCLCL
|d OCLCQ
|
| 019 |
|
|
|a 1065679823
|a 1110798744
|a 1156400880
|a 1228609802
|a 1259257628
|
| 020 |
|
|
|a 9781439811344
|q (e-book ;
|q PDF)
|
| 020 |
|
|
|a 1439811342
|q (e-book ;
|q PDF)
|
| 020 |
|
|
|a 9781466532885
|
| 020 |
|
|
|a 1466532882
|
| 020 |
|
|
|z 9781439811337 (alk. paper)
|
| 020 |
|
|
|a 1439811334
|
| 020 |
|
|
|a 9781439811337
|
| 020 |
|
|
|a 0429244835
|
| 020 |
|
|
|a 9780429244834
|
| 024 |
7 |
|
|a 10.1201/9781439811344
|2 doi
|
| 035 |
|
|
|a (OCoLC)688587754
|z (OCoLC)1065679823
|z (OCoLC)1110798744
|z (OCoLC)1156400880
|z (OCoLC)1228609802
|z (OCoLC)1259257628
|
| 050 |
|
4 |
|a HV8073
|b .E95 2010
|
| 082 |
0 |
4 |
|a 363.2580285
|b E937
|
| 049 |
|
|
|a TXAM
|
| 100 |
1 |
|
|a Evison, Martin Paul.
|
| 245 |
1 |
0 |
|a Computer-aided forensic facial comparison /
|c Martin Paul Evison and Richard W. Vorder Bruegge.
|
| 250 |
|
|
|a 1st ed.
|
| 260 |
|
|
|a Boca Raton, Fla. :
|b Taylor & Francis Group,
|c 2010.
|
| 300 |
|
|
|a 1 online resource (209 pages)
|
| 336 |
|
|
|a text
|b txt
|2 rdacontent
|
| 337 |
|
|
|a computer
|b c
|2 rdamedia
|
| 338 |
|
|
|a online resource
|b cr
|2 rdacarrier
|
| 347 |
|
|
|a data file
|2 rda
|
| 504 |
|
|
|a Includes bibliographical references and index.
|
| 505 |
0 |
|
|a Image quality and accuracy in three 3D scanners -- Shape variation in anthropometric landmarks in 3D -- A large database sample of 3d facial images and measurements -- Investigation of anthropometric landmarking in 2D -- Effect of 3D rotation on landmark visibility -- Influence of lens distortion and perspective error -- Estimation of landmark position using an active shape model -- Generation of values for missing data -- Admissibility.
|
| 520 |
|
|
|a Countless facial images are generated everyday through digital and cell phone cameras, surveillance video systems, webcams, and traditional film and broadcast video. As a result, law enforcement and intelligence agencies have numerous opportunities to acquire and analyze images that depict persons of interest. Computer-Aided Forensic Facial Comparison is a comprehensive exploration of the scientific, technical, and statistical challenges facing researchers investigating courtroom identification from facial images.Supported by considerable background material,
|
| 546 |
|
|
|a English.
|
| 650 |
|
0 |
|a Forensic sciences.
|
| 650 |
|
0 |
|a Human face recognition (Computer science)
|
| 650 |
|
6 |
|a Criminalistique.
|
| 650 |
|
6 |
|a Reconnaissance faciale (Informatique)
|
| 650 |
|
7 |
|a forensic science.
|2 aat
|
| 650 |
|
7 |
|a Forensic sciences
|2 fast
|
| 650 |
|
7 |
|a Human face recognition (Computer science)
|2 fast
|
| 655 |
|
7 |
|a Electronic books.
|2 local
|
| 700 |
1 |
|
|a Vorder Bruegge, Richard W.
|
| 710 |
2 |
|
|a Taylor & Francis.
|
| 758 |
|
|
|i has work:
|a Computer-aided forensic facial comparison (Text)
|1 https://id.oclc.org/worldcat/entity/E39PCFT6f6cdCXtDffRC8X9Fcd
|4 https://id.oclc.org/worldcat/ontology/hasWork
|
| 776 |
1 |
|
|z 9781439811337
|
| 856 |
4 |
0 |
|u http://proxy.library.tamu.edu/login?url=https://www.taylorfrancis.com/books/9780429244834
|z Connect to the full text of this electronic book
|t 0
|
| 936 |
|
|
|a BATCHLOAD
|
| 955 |
|
|
|a Taylor and Francis FORENSICnetBASE / LAWENFORCEMENTnetBASE
|
| 994 |
|
|
|a 92
|b TXA
|
| 999 |
f |
f |
|s 339fe56d-2930-43f1-b089-343e3d49a546
|i 1763c354-6028-42b6-80e5-056af17a5aab
|t 0
|
| 952 |
f |
f |
|a Texas A&M University
|b College Station
|c Electronic Resources
|d Available Online
|t 0
|e HV8073 .E95 2010
|h Library of Congress classification
|
| 998 |
f |
f |
|a HV8073 .E95 2010
|t 0
|l Available Online
|